Rock and Metal Artists A-Z - Statistics

General Stats
  • This quiz has been taken 81 times
  • The average score is 11 of 26
Answer Stats
A-Z Hint Artist % Correct
E A continent Europe
91%
Y A positive answer Yes
78%
L Plant/Page/Jones/Bonham Led Zeppelin
74%
I He had a 'White Wedding' Billy Idol
72%
V Brothers Alex and Eddie Van Halen
72%
W They had a seven nation army White Stripes
67%
A Perfomed the theme from 'Armageddon' Aerosmith
65%
M Dave Mustaine's post Metallica band Megadeth
65%
R German band whose albums include 'Herzeleid' and 'Mutter' Rammstein
59%
U A flying saucer perhaps UFO
59%
G The shark from 'Jaws' was one of these Great White
48%
Q Released 'Operation Mindcrime' Queensryche
48%
S They had 'Breakfast in America' Supertramp
46%
B Released the album 'Enema of the State' Blink 182
38%
K 'Life is Peachy' for this band with 'Issues' Korn
35%
J Inventor of the seed drill Jethro Tull
32%
D RJD Dio
29%
H Keepers of the seven keys Helloween
29%
N Tarja, Anette and Floor have all been vocalists for this band Nightwish
28%
C 'She Sells Sanctuary' Cult
26%
P Poem by John Milton Paradise Lost
25%
T Elizabeth isn't fat Thin Lizzy
22%
F Perfomed soundtrack to the movie 'Trick or Treat' Fastway
9%
O They said 'Hello from the Gutter' Overkill
9%
Z Band formed by Billy Corgan and Jimmy Chamberlin Zwan
9%
X Did a cover of 'Ghostbusters' Xentrix
4%
No matching quizzes found
Score Distribution
Percent of People with Each Score
Percentile by Number Answered
Your Score History
You have not taken this quiz